01646 a2200253 4500003000500000005001700005010001700022020002500039035002000064035002300084040000900107082001800116100002200134245006800156250001200224260006900236300003400305440006100339505065300400650005001053856010601103856009101209856009201300Nust20220819102014.0 a 2006042354 a9780471757139 (hbk.) a(OCoLC)64453532 a(OCoLC)ocm64453532 cNust00a621.38415,FRE1 aFreeman, Roger L.10aRadio system design for telecommunications /cRoger L. Freeman. a3rd ed. aNew York :bIEEE ;aHoboken, N.J. :bWiley-Interscience,cc2007. axxv, 880 p. :bill. ;c25 cm. 0aWiley series in telecommunications and signal processing aRadio Propagation (Page-1), Line of Sight Microwave Radio links (Page-37), Digital Line of Sight Microwave Radio links (Page-133), Forward Error Correction and Advanced Digital Waveforms (Page-175), Over The Horizon Radio links (Page-219), Basic Principles of Satellite Communication (Page-305), Digital Communication by Satellite (Page-381), Very Small Aperture Terminals (Page-439), Radio System Design above 10ghz (Page-463), Mobile Communication (Page-503), Wireless LANs (Page-561), HF Transmission Links (Page-573), Meteor Burst Comm. (Page-657), Interference Issues in Radio Comm. (Page-691), Radio Terminal Design Considerations (Page-721). 0aRadio relay systemsxDesign and construction.423Contributor biographical informationuhttp://www.loc.gov/catdir/enhancements/fy0826/2006042354-b.html423Publisher descriptionuhttp://www.loc.gov/catdir/enhancements/fy0826/2006042354-d.html423Table of contents onlyuhttp://www.loc.gov/catdir/enhancements/fy0826/2006042354-t.html